| 000 | 00000nam##2200000za#4500 |
| 001 | 9.615881 |
| 003 | CaOODSP |
| 005 | 20211126112847 |
| 007 | ta |
| 008 | 150406|2001||||xxc||||| f|0| 0 eng|d |
| 020 | |a0-662-31570-7 |
| 022 | |a1192-5434 |
| 040 | |aCaOODSP|beng |
| 043 | |an-cn--- |
| 086 | 1 |aFB3-2/101-26E |
| 110 | 2 |aBank of Canada. |
| 245 | 13|aAn estimated Canadian DSGE model with nominal and real rigidities / |cby Ali Dib. |
| 260 | |aOttawa - Ontario : |bBank of Canada |c2001. |
| 300 | |av, 44p. : |bgraphs, references, tables ; |c28 cm. |
| 490 | 1 |aWorking paper|x1192-5434|v2001-26 |
| 500 | |a"This paper develops a dynamic, stochastic, general-equilibrium (DGSE) model for the Canadian economy and evaluates the real effects of monetary policy shocks."--Abstract. |
| 546 | |aRésumés en français |
| 563 | |aSoftcover |
| 590 | |a02-02|b2002-01-11 |
| 690 | 07|aEconomy|2gcpds |
| 690 | 07|aModelling|2gcpds |
| 690 | 07|aMonetary policy|2gcpds |
| 776 | 0#|tAn estimated Canadian DSGE model with nominal and real rigidities / |w(CaOODSP)9.578669 |
| 830 | #0|aWorking paper,|x1192-5434|v2001-26|w(CaOODSP)9.514622 |